000 00522nam a2200181Ia 4500
003 GCL
008 140319s9999 xx 000 0 ara d
040 _aGCL /
_cGCL
082 0 4 _a219.3
_bم ح
100 1 _aمحمد الغزالى
245 1 0 _aحصاد الغرور /
_cمحمد الغزالى
300 _a207
490 _a100 قصة
_v0
650 0 4 _aالنزاع العربى الاسرائيلى
650 0 4 _aالاسلام واليهودية
650 0 4 _aالاسلام والسياسة
942 _2ddc
_cBK
999 _c43884
_d43884